| 000 | 00417 a2200157 4500 | ||
|---|---|---|---|
| 999 |
_c12777 _d12777 |
||
| 003 | OSt | ||
| 005 | 20240713095215.0 | ||
| 008 | 240713b ||||| |||| 00| 0 eng d | ||
| 020 | _a9781946226648 | ||
| 082 | _a720.92 | ||
| 100 | _a Oscar Riera Ojeda (Editor) | ||
| 245 | _aStanley Saitowitz/Natoma Architects: Seventy-five Works | ||
| 260 |
_bOscar Riera Ojeda Publishers _c 2023 |
||
| 300 | _a541p; | ||
| 942 | _2ddc | ||